[Event "Najdorf Memorial"]
[Site "Warsaw POL"]
[Date "2024.07.11"]
[Round "1.30"]
[White "Gibala, Adam"]
[Black "Sanz Losada, Victoriano"]
[Result "1-0"]
[WhiteElo "2171"]
[BlackElo "2002"]

1. e4 e5 2. Nf3 Nc6 3. Bb5 Nge7 4. Nc3 d6 5. d4 Bd7 6. dxe5 dxe5 7. O-O Ng6
8. Be3 Bd6 9. Nd5 O-O 10. c4 Nb8 11. Bxd7 Nxd7 12. Bg5 f6 13. Be3 Kh8 14.
Qc2 b6 15. Rfd1 Qc8 16. a3 Bc5 17. Bxc5 Nxc5 18. b4 Ne6 19. h4 c5 20. h5
Ngf4 21. h6 g6 22. g3 Nh3+ 23. Kg2 Nhg5 24. Nxg5 Nxg5 25. Rh1 Qg4 26. Rae1
Qf3+ 27. Kg1 Qxa3 28. Re3 Nf3+ 29. Kg2 Nd4 30. Qb1 Qa4 31. bxc5 Rab8 32.
cxb6 axb6 33. Rc1 Rf7 34. c5 b5 35. c6 Qa5 36. Qb2 Rc8 37. Ra3 Qd8 38. c7
Qd6 39. Qa2 Rff8 40. Ra6 Qd7 41. Qa3 b4 42. Nxb4 f5 43. Qa5 Qe7 44. Nd5 Qg5
45. Qa3 Qg4 46. Nf6 Rxf6 47. Rxf6 Qxe4+ 48. f3 Qe2+ 49. Kh3 Kg8 50. Qe7 1-0

[Event "Najdorf Memorial"]
[Site "Warsaw POL"]
[Date "2024.07.11"]
[Round "1.31"]
[White "Klim, Filip"]
[Black "Terkiewicz, Bruno"]
[Result "0-1"]
[WhiteElo "2000"]
[BlackElo "2170"]

1. e4 c6 2. d4 d5 3. Nc3 dxe4 4. Nxe4 Bf5 5. Ng3 Bg6 6. h4 h6 7. Nf3 Nd7 8.
h5 Bh7 9. Bd3 Bxd3 10. Qxd3 e6 11. Bd2 Ngf6 12. O-O-O Be7 13. Kb1 O-O 14.
Ne4 Nxe4 15. Qxe4 Nf6 16. Qe2 Qd5 17. Be3 Rfd8 18. Ne5 Nd7 19. f4 Qe4 20.
Qf2 f5 21. Nxd7 Rxd7 22. Rhe1 Bf6 23. Bc1 Qd5 24. Qe2 Re8 25. g4 fxg4 26.
Qxg4 Ree7 27. Be3 Qf5 28. Qf3 Rd5 29. Rh1 Red7 30. Rhe1 Qxh5 31. Qg2 Bxd4
32. Bc1 Bf6 33. Rxd5 Qxd5 34. Qg6 Rf7 35. Rg1 h5 36. Be3 Qf5 37. Qg2 a5 38.
Rh1 Rd7 39. Qf3 Qd5 40. Qxh5 Qxh5 41. Rxh5 Rd1+ 42. Bc1 e5 43. fxe5 g6 44.
Rh3 Bg5 0-1

[Event "Najdorf Memorial"]
[Site "Warsaw POL"]
[Date "2024.07.11"]
[Round "1.32"]
[White "Dahale, Atul"]
[Black "Choroszej, Aleksander"]
[Result "1-0"]
[WhiteElo "2169"]
[BlackElo "1997"]

1. e4 g6 2. d4 Bg7 3. Nc3 d6 4. Be3 a6 5. Qd2 b5 6. f3 Nd7 7. Rd1 Bb7 8. h4
h6 9. a3 Rc8 10. Nge2 c5 11. h5 g5 12. Ng3 cxd4 13. Bxd4 Bxd4 14. Qxd4 Ngf6
15. Nf5 Qb6 16. Be2 Qxd4 17. Rxd4 Nc5 18. g4 Ne6 19. Rd2 Rc5 20. O-O d5 21.
exd5 Nxd5 22. Ne4 Rc7 23. Rfd1 Ndf4 24. Bf1 f6 25. c3 Bc6 26. a4 Kf7 27.
axb5 axb5 28. Ra1 Ng7 29. Nd4 Rb8 30. Ra6 Bd7 31. b4 Nd5 32. Ra3 Ne3 33.
Nc5 Nxf1 34. Kxf1 Ne6 35. Na6 Ra8 36. Nxc7 Rxa3 37. Ncxb5 Ra1+ 38. Kf2 Rc1
39. Ne2 1-0

[Event "Najdorf Memorial"]
[Site "Warsaw POL"]
[Date "2024.07.11"]
[Round "1.33"]
[White "Polak, Michal"]
[Black "Tsiapko, Andrii"]
[Result "1/2-1/2"]
[WhiteElo "1997"]
[BlackElo "2167"]

1. d4 d5 2. Nf3 Nf6 3. g3 e6 4. Bg2 Be7 5. O-O O-O 6. c4 c6 7. Qc2 b6 8.
Nbd2 Bb7 9. e4 Na6 10. a3 c5 11. dxc5 dxe4 12. Ng5 Nxc5 13. b4 Qd3 14. Qxd3
Nxd3 15. Ndxe4 Nxe4 16. Nxe4 f5 17. Bg5 fxe4 18. Bxe7 Rfc8 19. Rfd1 Nb2 20.
Rd7 Bc6 21. Rd4 e5 22. Rxe4 Bxe4 23. Bxe4 Nxc4 24. Bd5+ Kh8 25. Bxa8 Rxa8
26. a4 Kg8 27. Rd1 Nb2 28. Rd7 a5 29. bxa5 Rxa5 30. Rb7 Nxa4 31. Bd8 Rb5
32. Kg2 e4 33. g4 Rb3 34. Re7 Nc5 35. Re5 Rb2 36. Bxb6 Nd7 37. Bd4 Nxe5 38.
Bxb2 Nxg4 39. Kg3 e3 40. fxe3 Nxe3 41. Kf4 Nd5+ 42. Ke5 Nf6 43. Kf5 Kf7 44.
Bd4 h6 45. Bb2 g6+ 46. Kf4 Ke6 47. Ba3 g5+ 48. Kf3 Kf5 49. Bf8 h5 50. Bd6
Ng4 51. Kg3 Ne3 52. Be7 Nd5 53. Bd8 Nf4 54. h3 Ng6 55. Kf3 h4 56. Kg2 Nf4+
57. Kh2 Ne6 58. Be7 Nd4 59. Kg2 Nc6 60. Ba3 Ke6 61. Bc1 Kf6 62. Bb2+ Ne5
63. Ba3 Nd3 64. Bd6 Ke6 65. Bc7 Nf4+ 66. Kh2 Kf5 67. Bd8 Ne6 68. Be7 Nd4
69. Kg2 Kf4 70. Bd6+ Ke4 71. Be7 Nf3 72. Bd8 Kf4 73. Bc7+ Ne5 74. Bd6 Kf5
75. Be7 Ng6 76. Bd8 Nf8 77. Kh2 Ng6 78. Kg2 Ne5 79. Be7 Kg6 80. Bd8 Kh5 81.
Be7 g4 82. hxg4+ Kxg4 83. Bxh4 Kxh4 1/2-1/2

[Event "Najdorf Memorial"]
[Site "Warsaw POL"]
[Date "2024.07.11"]
[Round "1.34"]
[White "Maslanka, Wojciech"]
[Black "Borowy, Cezary"]
[Result "1/2-1/2"]
[WhiteElo "2166"]
[BlackElo "1993"]

1. e4 c5 2. Nf3 Nc6 3. d4 cxd4 4. Nxd4 g6 5. c4 Nf6 6. Nc3 d6 7. f3 Nxd4 8.
Qxd4 Bg7 9. Be3 O-O 10. Qd2 Qa5 11. Rc1 Be6 12. Be2 Rfc8 13. b3 a6 14. Na4
Qxd2+ 15. Kxd2 Nd7 16. g4 f5 17. gxf5 gxf5 18. Rhg1 Kh8 19. Nc3 fxe4 20.
Nxe4 Rf8 21. Rg5 Ne5 22. Rcg1 Bh6 23. Rh5 Bxe3+ 24. Kxe3 Rg8 25. Ng5 Rg7
26. f4 Nf7 27. Bd3 Nxg5 28. fxg5 Kg8 29. Rh6 Bf7 30. Be4 Rb8 31. h4 Bg6 32.
Bd5+ Bf7 33. g6 hxg6 34. Rhxg6 Rxg6 35. Rxg6+ Kf8 36. Rg4 Bxd5 37. cxd5 Rc8
38. Rc4 Rc5 39. Kd4 Ra5 40. Rc2 e6 41. dxe6 Ke7 42. Rc7+ Kxe6 43. Rxb7 Rxa2
44. Rh7 a5 45. Rh6+ Kd7 46. Kd5 Rd2+ 47. Kc4 Rc2+ 48. Kb5 Rb2 49. Kc4 Rc2+
50. Kd3 Ra2 51. Rh8 a4 52. b4 Kc6 53. h5 Rh2 54. Ra8 1/2-1/2

[Event "Najdorf Memorial"]
[Site "Warsaw POL"]
[Date "2024.07.11"]
[Round "1.36"]
[White "Aishwin, Daniel"]
[Black "Jurasz, Antoni"]
[Result "1-0"]
[WhiteElo "2155"]
[BlackElo "1992"]

1. e4 c6 2. d4 d5 3. exd5 cxd5 4. c4 Nf6 5. Nc3 e6 6. Nf3 Nc6 7. a3 Be7 8.
Bf4 O-O 9. c5 Nh5 10. Bg3 g6 11. b4 f6 12. Be2 a6 13. Na4 e5 14. Nb6 Rb8
15. dxe5 Nxg3 16. hxg3 Be6 17. Nd4 Nxd4 18. Qxd4 fxe5 19. Qxe5 Bf7 20. Rd1
Bf6 21. Qe3 Re8 22. Qf3 Re5 23. O-O Qe7 24. Bd3 Rd8 25. Bc2 Kg7 26. Bb3 Rf5
27. Qd3 Re5 28. Ba4 a5 29. bxa5 Re4 30. c6 bxc6 31. Bxc6 Qc5 32. Qb5 Qxa3
33. Bxd5 Re5 34. Nc4 Rdxd5 35. Rxd5 Rxd5 36. Nxa3 1-0

[Event "Najdorf Memorial"]
[Site "Warsaw POL"]
[Date "2024.07.11"]
[Round "1.38"]
[White "Jarzebowski, Kacper"]
[Black "Sujkowski, Pawel"]
[Result "1/2-1/2"]
[WhiteElo "2131"]
[BlackElo "1985"]

1. d4 d5 2. c4 e6 3. Nf3 Nf6 4. Nc3 c6 5. Bg5 h6 6. Bh4 Nbd7 7. e3 Be7 8.
Qc2 O-O 9. Be2 Ne4 10. Bxe7 Qxe7 11. cxd5 exd5 12. Nxe4 dxe4 13. Nd2 Nf6
14. Rb1 Be6 15. b4 Bd5 16. O-O Nd7 17. a4 f5 18. Bc4 f4 19. Nxe4 Nb6 20.
Bd3 f3 21. gxf3 Rxf3 22. Ng3 Raf8 23. a5 Nd7 24. e4 Be6 25. Bc4 Nf6 26. Rb3
Ng4 27. Rxf3 Rxf3 28. Qe2 Bxc4 29. Qxf3 Qh4 30. Qg2 Bxf1 31. Nxf1 Nf6 32.
f3 Qf4 33. Qg3 Nh5 34. Qg6 Nf6 35. Qg2 Qd6 36. Qd2 Nh5 37. d5 cxd5 38.
Qxd5+ Qxd5 39. exd5 Nf4 40. Ne3 Kf7 41. Kf1 Kf6 42. h4 Ke5 43. d6 Kxd6 44.
Nf5+ Kc6 45. Nxg7 Kb5 46. Nf5 Kxb4 47. Nd6 Kxa5 48. Nxb7+ Kb6 49. Nd6 Kc6
50. Nf5 h5 51. Kf2 Kd5 52. Ke3 Ke5 53. Ng3 a5 54. Kd2 Kd4 55. Kc2 Kc4 56.
Kb2 Kb4 57. Nf5 a4 58. Ne3 Ng6 59. Ng2 a3+ 60. Ka2 Ne5 61. Ne1 Nc4 62. f4
Kc5 63. f5 Kd5 64. Nd3 Ke4 65. f6 Nd6 66. Nb4 Kf5 67. Kxa3 Kg4 68. Nd5 Kxh4
69. Nf4 1/2-1/2

[Event "Najdorf Memorial"]
[Site "Warsaw POL"]
[Date "2024.07.11"]
[Round "1.39"]
[White "Sypien, Natan"]
[Black "Smietanska, Wiktoria"]
[Result "0-1"]
[WhiteElo "1985"]
[BlackElo "2125"]

1. e4 c5 2. Nf3 d6 3. d4 cxd4 4. Nxd4 Nf6 5. Nc3 a6 6. f3 e5 7. Nb3 Be6 8.
Be3 h5 9. Nd5 Nxd5 10. exd5 Bf5 11. Bd3 Bxd3 12. Qxd3 Nd7 13. O-O Be7 14.
f4 O-O 15. f5 Rc8 16. c4 Bg5 17. Rae1 Re8 18. Bxg5 Qxg5 19. Nd2 Nc5 20. Qc2
a5 21. b3 b5 22. cxb5 Nxb3 23. Qxb3 Qxd2 24. Rd1 Qg5 25. a4 e4 26. b6 e3
27. b7 Rb8 28. Rde1 e2 29. Rf2 Qd2 30. Qb1 Rxb7 31. Qa1 Rb4 32. h3 Rxa4 33.
Qb1 Rd4 34. Kh2 Rxd5 35. f6 Qxe1 36. Qxe1 Rd1 37. Qxe2 Rxe2 38. Rxe2 gxf6
39. Re8+ Kg7 40. Ra8 Rd5 41. Kg3 f5 42. Kf4 Kf6 43. g3 Rd4+ 44. Ke3 Re4+
45. Kf3 a4 46. Ra5 Rb4 47. Ke3 Ke6 48. Ra8 Ke5 49. Re8+ Kd5 50. Ra8 Rb3+
51. Kf4 a3 52. h4 Kc4 53. Ra4+ Kb5 54. Ra8 Rb4+ 55. Kxf5 Ra4 56. Rb8+ Kc4
57. Rb1 a2 58. Ra1 Kb3 59. g4 Rxg4 0-1

[Event "Najdorf Memorial"]
[Site "Warsaw POL"]
[Date "2024.07.11"]
[Round "1.40"]
[White "Kubik, Rafal"]
[Black "Bar, Klaudia"]
[Result "1-0"]
[WhiteElo "2118"]
[BlackElo "1982"]

1. d4 Nf6 2. Nc3 d5 3. Bf4 a6 4. e3 Nbd7 5. Nf3 c5 6. Be2 g6 7. h4 h5 8.
Ne5 cxd4 9. Qxd4 Bg7 10. Nxd7 Qxd7 11. O-O-O O-O 12. Be5 Qc6 13. Nxd5 Qxd5
14. Bxf6 Qxd4 15. Bxd4 Bf5 16. Bxg7 Kxg7 17. Bd3 Bxd3 18. Rxd3 Rfd8 19.
Rhd1 Rxd3 20. Rxd3 Kf6 21. Kd2 Rc8 22. Rd7 b6 23. Kd3 Rc6 24. c4 Ke6 25.
Rd5 a5 26. g3 Kf6 27. Rb5 Ke6 28. b3 Kd6 29. e4 f6 30. e5+ Ke6 31. Kd4 f5
32. a4 Kd7 33. c5 bxc5+ 34. Rxc5 Ra6 35. Kd5 e6+ 36. Kd4 Ra8 37. Ke3 Ra7
38. Kf4 Ke7 39. Kg5 Kf7 40. Kh6 f4 41. gxf4 Rb7 42. Rb5 Ra7 43. Kh7 1-0

[Event "Najdorf Memorial"]
[Site "Warsaw POL"]
[Date "2024.07.11"]
[Round "1.41"]
[White "Wadelek, Karol"]
[Black "Alvarado, Carlos"]
[Result "1-0"]
[WhiteElo "1974"]
[BlackElo "2108"]

1. e4 c6 2. d4 d5 3. exd5 cxd5 4. Bf4 Nc6 5. c3 Nf6 6. Nd2 g6 7. h4 Bg7 8.
Bd3 O-O 9. h5 e5 10. dxe5 Ng4 11. Ngf3 Qb6 12. O-O Qxb2 13. Rb1 Qxc3 14.
Rb3 Qa5 15. Re1 Qxa2 16. hxg6 hxg6 17. Qc1 Qa4 18. Bg3 Nb4 19. Bb1 Re8 20.
Ra3 Qd7 21. Nb3 b6 22. Nbd4 Qe7 23. Bh4 Qb7 24. Rc3 Na6 25. Nb5 Nxe5 26.
Nxe5 Rxe5 27. Rxe5 Bxe5 28. Re3 Bg7 29. Re8+ Kh7 30. Qg5 Bf5 31. Re7 Qc6
32. Nd4 Bxd4 33. Bxf5 Kg8 34. Be6 Bg7 35. Bxf7+ Kh7 36. Re6 Qc3 37. Qxg6+
1-0

[Event "Najdorf Memorial"]
[Site "Warsaw POL"]
[Date "2024.07.11"]
[Round "1.42"]
[White "Rekuc, Patryk"]
[Black "Delega, Tomasz"]
[Result "1-0"]
[WhiteElo "2107"]
[BlackElo "1973"]

1. Nf3 d6 2. d4 Bg4 3. e3 Nd7 4. Be2 Ngf6 5. b3 e5 6. c4 c6 7. O-O Be7 8.
Nc3 e4 9. Nd2 Bxe2 10. Qxe2 d5 11. cxd5 cxd5 12. Qb5 a6 13. Qxb7 Nb6 14.
Qc6+ Kf8 15. Na4 Nbd7 16. Bb2 h5 17. Rac1 Rh6 18. Qc7 Qe8 19. Rc6 Kg8 20.
Rfc1 Kh7 21. Qb7 Rb8 22. Qxa6 Ra8 23. Qe2 Ng4 24. Rxh6+ Kxh6 25. h3 Ngf6
26. Qb5 g5 27. Qc6 Kg7 28. Nf1 Qf8 29. Ng3 Kg6 30. Ne2 Bb4 31. a3 Bd6 32.
Nc5 Rd8 33. Nb7 Nb8 34. Qb6 Rd7 35. a4 g4 36. hxg4 Nxg4 37. Ba3 Rxb7 38.
Qxb7 Bxa3 39. Rc8 Qb4 40. Qxb4 Bxb4 41. Rxb8 Be1 42. Nf4+ Kg5 43. Nh3+ 1-0

[Event "Najdorf Memorial"]
[Site "Warsaw POL"]
[Date "2024.07.11"]
[Round "1.43"]
[White "Harazinska, Magdalena"]
[Black "Wiech, Grzegorz"]
[Result "0-1"]
[WhiteElo "1969"]
[BlackElo "2106"]

1. d4 d6 2. Nf3 Nd7 3. c4 e5 4. e4 Ngf6 5. Nc3 g6 6. Be2 Bg7 7. Be3 O-O 8.
Qd2 exd4 9. Nxd4 Re8 10. f3 c6 11. Rd1 d5 12. cxd5 cxd5 13. Nxd5 Nxd5 14.
exd5 Nb6 15. Nb5 Nc4 16. Bxc4 Bh6 17. Be2 Bxe3 18. Qb4 Bb6 19. Nc3 Bd7 20.
Kf1 Rc8 21. h4 h5 22. Bd3 Qf6 23. Ne4 Qf4 24. Qd2 Rxe4 25. Bxe4 Qxd2 26.
Rxd2 Rc1+ 27. Ke2 Rxh1 28. Rc2 f5 29. Bd3 Rxh4 30. Bc4 Rxc4 31. Rxc4 Bb5
32. b3 g5 33. Kd2 Bxc4 34. bxc4 h4 35. Kd3 Kf7 0-1

[Event "Najdorf Memorial"]
[Site "Warsaw POL"]
[Date "2024.07.11"]
[Round "1.44"]
[White "Kaczmarek, Arkadiusz"]
[Black "Lasota, Adam"]
[Result "1-0"]
[WhiteElo "2103"]
[BlackElo "1968"]

1. d4 b6 2. c4 Bb7 3. Nc3 e6 4. a3 Nf6 5. d5 Bd6 6. Nf3 Qe7 7. Bg5 h6 8.
Bh4 c6 9. Ne4 cxd5 10. Bxf6 gxf6 11. cxd5 f5 12. Qd4 fxe4 13. Qxh8+ Qf8 14.
Qxf8+ Bxf8 15. Nd4 Bxd5 16. e3 Nc6 17. Nb5 Rc8 18. Nc3 Bg7 19. Ba6 Bxc3+
20. bxc3 Rc7 21. c4 Nb8 22. cxd5 Nxa6 23. dxe6 fxe6 24. O-O Nc5 25. Rac1 d5
26. f3 Rd7 27. Rc3 d4 28. exd4 Rxd4 29. fxe4 Rxe4 30. Rh3 Ke7 31. Rxh6 Ra4
32. Rf3 Kd6 33. h3 Kd5 34. g4 e5 35. g5 e4 36. Rg3 Kd4 37. Rf6 Ke5 38. Rc6
Rd4 39. g6 Rd8 40. h4 Kf4 41. Rg2 e3 42. g7 e2 43. Rxe2 1-0

[Event "Najdorf Memorial"]
[Site "Warsaw POL"]
[Date "2024.07.11"]
[Round "1.45"]
[White "Wieckowski, Michal"]
[Black "Nesterenko, Kyrylo"]
[Result "0-1"]
[WhiteElo "1964"]
[BlackElo "2103"]

1. e4 c5 2. d3 Nc6 3. g3 d5 4. Nc3 d4 5. Nce2 Nf6 6. Bg2 e5 7. Nf3 Be7 8.
O-O O-O 9. h3 b5 10. Nh2 c4 11. f4 Nd7 12. fxe5 cxd3 13. cxd3 Ncxe5 14. Bf4
b4 15. Nf3 Nxf3+ 16. Rxf3 g5 17. Nxd4 gxf4 18. Nf5 Ne5 19. Rxf4 Bg5 20. Qh5
Bxf4 21. gxf4 Bxf5 22. exf5 Qd4+ 23. Kh1 Nxd3 24. Bxa8 Rxa8 25. Rg1+ Kh8
26. Qxf7 Nxf4 27. Qe7 Rc8 28. f6 Qd5+ 29. Kh2 Rc2+ 30. Kg3 Qg5+ 31. Kf3
Qd5+ 32. Kxf4 Rc4+ 33. Kg3 Qg5+ 34. Kf2 Qf4+ 35. Ke2 Rc2+ 36. Kd3 Rd2# 0-1

[Event "Najdorf Memorial"]
[Site "Warsaw POL"]
[Date "2024.07.11"]
[Round "1.46"]
[White "Dalkowski, Rafal"]
[Black "Zaninotto, Franco"]
[Result "1-0"]
[WhiteElo "2101"]
[BlackElo "1961"]

1. d4 Nf6 2. c4 e6 3. Nf3 d5 4. Nc3 c5 5. e3 Nc6 6. a3 dxc4 7. Bxc4 a6 8.
O-O b5 9. Ba2 Bb7 10. Qe2 cxd4 11. Rd1 b4 12. Nxd4 Qc7 13. axb4 Bxb4 14. e4
Nxd4 15. Rxd4 Bd6 16. h3 O-O 17. Bg5 h6 18. Rc4 Qb8 19. Be3 Rc8 20. Bd4
Bh2+ 21. Kf1 Be5 22. Rxc8+ Bxc8 23. Rd1 Bb7 24. Bb6 Qe8 25. Bd4 Qb8 26. Bb6
Qe8 27. Bd4 Qb8 28. Kg1 Qc7 29. Bxe5 Qxe5 30. Qe3 Rc8 31. f4 Qc7 32. e5 Nd5
33. Bxd5 Bxd5 34. Nxd5 exd5 35. Rxd5 Rd8 36. Rc5 Qb6 37. b3 Qb7 38. Kh2 g6
39. e6 fxe6 40. Qxe6+ Qf7 41. Qe5 Rf8 42. Rc6 Qxf4+ 43. Qxf4 Rf7 44. Qf5
Rxf5 45. Rxg6+ 1-0

[Event "Najdorf Memorial"]
[Site "Warsaw POL"]
[Date "2024.07.11"]
[Round "1.47"]
[White "Rzeszowski, Dominik"]
[Black "Sprzeczka, Emilia"]
[Result "0-1"]
[WhiteElo "1961"]
[BlackElo "2101"]

1. e4 c5 2. Nf3 d6 3. d4 cxd4 4. Nxd4 Nf6 5. Nc3 g6 6. Be3 Bg7 7. h3 Nc6 8.
Bc4 O-O 9. Bb3 Nxd4 10. Bxd4 b5 11. O-O Bb7 12. Qd3 a5 13. Nd5 e6 14. Nxf6+
Bxf6 15. c3 d5 16. exd5 a4 17. Bxf6 Qxf6 18. Bc2 Bxd5 19. Rfd1 Rfd8 20. a3
Bxg2 21. Qxb5 Bxh3 22. Rxd8+ Rxd8 23. Rd1 Rxd1+ 24. Bxd1 e5 25. f3 h5 26.
Qxa4 Qg5+ 27. Kf2 h4 28. Qe8+ Kg7 29. Bb3 Qd2+ 0-1

[Event "Najdorf Memorial"]
[Site "Warsaw POL"]
[Date "2024.07.11"]
[Round "1.48"]
[White "Rozycki, Bartlomiej"]
[Black "Charvi, A"]
[Result "1-0"]
[WhiteElo "2099"]
[BlackElo "1960"]

1. d4 Nf6 2. c4 c5 3. d5 b5 4. cxb5 a6 5. e3 g6 6. Nc3 Bg7 7. Nf3 O-O 8. a4
d6 9. Ra3 Nbd7 10. Be2 Bb7 11. O-O Re8 12. Re1 axb5 13. Bxb5 Qc7 14. e4
Reb8 15. Qd3 Ng4 16. Qe2 Ngf6 17. h3 Qc8 18. e5 dxe5 19. Nxe5 Nxe5 20. Qxe5
Qd8 21. Qxe7 Qxe7 22. Rxe7 Bf8 23. Rxb7 Rxb7 24. Bg5 c4 25. Bxf6 Bxa3 26.
bxa3 Rb6 27. Be7 Rc8 28. d6 Rbb8 29. a5 f6 30. d7 Rf8 31. Bxc4+ Kg7 32. a6
Rh8 33. a7 Ra8 34. Nb5 f5 35. Bd5 Rxa7 36. Nxa7 f4 37. Nb5 Kh6 38. h4 Kh5
39. Bg5 Kg4 40. Nd4 f3 41. Bxf3# 1-0

[Event "Najdorf Memorial"]
[Site "Warsaw POL"]
[Date "2024.07.11"]
[Round "1.49"]
[White "Rzewucki, Jan"]
[Black "Kazmierowski, Tymon"]
[Result "1/2-1/2"]
[WhiteElo "1960"]
[BlackElo "2096"]

1. e4 c5 2. Nf3 d6 3. d4 cxd4 4. Nxd4 Nf6 5. Nc3 a6 6. b3 e5 7. Nde2 Be6 8.
g3 d5 9. exd5 Nxd5 10. Bg2 Bb4 11. Bd2 Nc6 12. a3 Nxc3 13. Nxc3 Be7 14. O-O
O-O 15. Be3 Rc8 16. Nd5 Bxd5 17. Bxd5 Bg5 18. c4 Bxe3 19. fxe3 Qe7 20. Qg4
Rc7 21. Rf5 g6 22. Raf1 Qxa3 23. Rf6 Kg7 24. Qe4 Qxb3 25. h4 Qc3 26. h5 Nb4
27. Be6 Nc2 28. R1f2 Qe1+ 29. Kh2 Nxe3 30. Qf3 Nf5 31. Bxf5 Kxf6 32. Bxg6+
Kg7 33. h6+ Kg8 34. Bxh7+ Kxh7 35. Qf5+ Kxh6 36. Qf6+ Kh7 37. Qh4+ Kg8 38.
Qg5+ Kh7 39. Rf6 Qe2+ 40. Kh3 Rc6 41. Qh6+ 1/2-1/2

[Event "Najdorf Memorial"]
[Site "Warsaw POL"]
[Date "2024.07.11"]
[Round "1.50"]
[White "Lisowski, Krzysztof"]
[Black "Ishvi, Aggarwal"]
[Result "0-1"]
[WhiteElo "2096"]
[BlackElo "1958"]

1. e4 e5 2. f4 d5 3. exd5 exf4 4. Nf3 h6 5. Bc4 Nf6 6. O-O Be7 7. d4 g5 8.
Ne5 Nxd5 9. Nc3 Be6 10. Qe2 c6 11. g3 Rg8 12. Ne4 Nd7 13. gxf4 gxf4+ 14.
Kh1 Nxe5 15. dxe5 Bh3 16. Rf2 Bg4 17. Qf1 Bf5 18. Bd3 Bxe4+ 19. Bxe4 Bc5
20. Rg2 Rxg2 21. Qxg2 Qg5 22. Bxd5 cxd5 23. Qxg5 hxg5 24. h4 Bd4 25. hxg5
Bxe5 26. Kg2 d4 27. Kf3 Rc8 28. Ke4 Bb8 29. Bxf4 Bxf4 30. Kxf4 Rxc2 31.
Re1+ Kf8 32. b4 Rxa2 33. Rd1 Ra4 34. Rb1 Kg7 35. Kf5 d3 36. Rb2 d2 37. Rxd2
Rxb4 0-1

[Event "Najdorf Memorial"]
[Site "Warsaw POL"]
[Date "2024.07.11"]
[Round "1.51"]
[White "Bednarska-bzdega, Malgorzata"]
[Black "Sidorczuk, Pawel"]
[Result "1/2-1/2"]
[WhiteElo "1956"]
[BlackElo "2096"]

1. e4 c5 2. Nf3 d6 3. d4 cxd4 4. Nxd4 Nf6 5. Nc3 a6 6. Bc4 e6 7. O-O b5 8.
Bb3 Nbd7 9. Bxe6 fxe6 10. Nxe6 Qb6 11. Nd5 Nxd5 12. exd5 Ne5 13. Be3 Qb7
14. f4 Bxe6 15. dxe6 Nc6 16. Qg4 Be7 17. Qxg7 O-O-O 18. Qg4 Rhg8 19. Qf3
Bf6 20. c3 Kb8 21. Rad1 Na5 22. Qxb7+ Kxb7 23. Bd4 Bxd4+ 24. Rxd4 Nc4 25.
f5 Rde8 26. Rh4 Re7 27. h3 Kc6 28. b3 Ne5 29. Kf2 d5 30. g4 Kd6 31. Ke3 Rc7
32. Kd2 a5 33. Rh6 Re7 34. f6 Rxe6 35. Rxh7 Nd7 36. f7 Rf8 37. g5 Ne5 38.
h4 Rg6 39. Rf5 Ke6 40. Rf4 Rxf7 41. Rhxf7 Nxf7 42. a4 Nd6 43. axb5 Ne4+ 44.
Kd3 Rg8 45. c4 Ke5 46. Rf7 Rh8 47. cxd5 Rxh4 48. g6 Nc5+ 49. Ke2 Rg4 50. g7
Kxd5 51. Ra7 Ne6 52. b6 Kc6 53. b7 Kc7 54. Ra8 Kxb7 55. g8=Q Rxg8 56. Rxg8
Nd4+ 57. Kd3 Nxb3 58. Kc4 a4 59. Kb4 Nd4 60. Kxa4 Kc6 1/2-1/2

[Event "Najdorf Memorial"]
[Site "Warsaw POL"]
[Date "2024.07.11"]
[Round "1.52"]
[White "Skurniak, Szymon"]
[Black "Hury, Tymoteusz"]
[Result "1/2-1/2"]
[WhiteElo "2095"]
[BlackElo "1954"]

1. e4 e5 2. Nf3 Nc6 3. d4 exd4 4. Nxd4 Bc5 5. Nb3 Bb6 6. Nc3 Nge7 7. Qe2
O-O 8. Be3 f5 9. O-O-O fxe4 10. Bxb6 axb6 11. Qxe4 Rxf2 12. Bc4+ Kh8 13.
Rhf1 Rxf1 14. Rxf1 d6 15. Bd3 Ng6 16. h4 Nce5 17. Be2 Bd7 18. g3 Bc6 19.
Qe3 Ne7 20. Nd4 Nd5 21. Nxd5 Bxd5 22. a3 Qd7 23. h5 h6 24. Qf4 c5 25. Nf3
Bxf3 26. Bxf3 Qe6 27. Bxb7 Re8 28. Be4 Qa2 29. Qf5 Qg8 30. g4 d5 31. Bg2
Qh7 32. Qf8+ Rxf8 33. Rxf8+ Qg8 34. Rxg8+ Kxg8 35. Bxd5+ Kf8 36. Be6 Ke7
37. Bc8 Kf6 38. b4 cxb4 39. axb4 Nc6 40. c3 Ke5 41. Kc2 Ne7 42. Bd7 g6 43.
g5 gxh5 44. gxh6 Kf6 45. c4 Kg6 46. Kb3 Ng8 47. Ka4 Nxh6 48. Kb5 Nf5 49.
Kxb6 h4 50. Bc6 Kf6 51. Kc7 Ne3 52. c5 Nc2 53. b5 Nd4 54. Bd7 h3 55. Bxh3
Nxb5+ 56. Kc6 Nc3 57. Kd7 Nb5 58. Kc6 Nc3 59. Kb7 Ke7 60. c6 Nb5 61. Kb6
Nc3 62. Kb7 Nb5 63. Bf1 Nd6+ 64. Kb8 Ne8 65. Bh3 Kd6 66. Bd7 Nc7 67. Kb7
Nd5 68. Be8 Nc7 69. Bf7 Nb5 70. Bc4 Nc7 71. Kb6 Na8+ 1/2-1/2

[Event "Najdorf Memorial"]
[Site "Warsaw POL"]
[Date "2024.07.11"]
[Round "1.53"]
[White "Kulpa, Zuzanna"]
[Black "Zalega, Maciej"]
[Result "0-1"]
[WhiteElo "1954"]
[BlackElo "2093"]

1. d4 Nf6 2. c4 g6 3. Nc3 Bg7 4. e4 d6 5. f3 O-O 6. Bg5 c5 7. d5 e6 8. Qd2
Qa5 9. Nb5 Qb6 10. a4 exd5 11. cxd5 a6 12. Na3 Qc7 13. Bd3 Nbd7 14. Nc4 Rb8
15. a5 b5 16. axb6 Nxb6 17. Nxd6 Nfxd5 18. Nxc8 Nxc8 19. Rb1 Rxb2 20. Rxb2
Bc3 21. Ne2 Bxd2+ 22. Bxd2 c4 23. Rc2 Ndb6 24. Nf4 Rd8 25. O-O Qe5 26. Bxc4
Qd4+ 27. Kh1 Nxc4 28. Bc3 Qc5 29. Bf6 Rd2 30. Rc3 N8b6 31. Rfc1 Qd6 32. Nd5
Nxd5 33. Rxc4 Nxf6 0-1

[Event "Najdorf Memorial"]
[Site "Warsaw POL"]
[Date "2024.07.11"]
[Round "1.54"]
[White "Zysko, Jan"]
[Black "Chachere, Theodore"]
[Result "1-0"]
[WhiteElo "2089"]
[BlackElo "1947"]

1. e4 c5 2. Nf3 d6 3. d4 cxd4 4. Nxd4 Nf6 5. Nc3 a6 6. Be2 e5 7. Nb3 Be7 8.
O-O O-O 9. Re1 Be6 10. Bf3 Nbd7 11. a4 Rc8 12. a5 Qc7 13. Be3 Rfd8 14. h3
Qc6 15. Re2 Bf8 16. Rd2 Re8 17. Nd5 Qc4 18. Nc1 Nxd5 19. exd5 Bf5 20. b3
Qc7 21. c4 Bg6 22. Be2 f5 23. f3 Be7 24. b4 Bf6 25. Nb3 f4 26. Bf2 e4 27.
Bd4 e3 28. Rda2 Bh4 29. c5 Bf7 30. Rc1 Ne5 31. Rac2 Qd7 32. c6 bxc6 33.
Bxe5 dxe5 34. Bxa6 Ra8 35. Nc5 Qxd5 36. Qe2 Qd4 37. Bb7 Ra7 38. Bxc6 Rc8
39. Be4 Qxb4 40. a6 Rac7 41. Bb7 Rxc5 42. Bxc8 Rxc2 43. Qxc2 Bf2+ 44. Kh1
Qd2 45. Bf5 g6 46. a7 Bd5 47. Be6+ Kg7 48. Bxd5 Qxd5 49. Ra1 Qa8 50. Qc7+
Kf6 51. Qb8 1-0

[Event "Najdorf Memorial"]
[Site "Warsaw POL"]
[Date "2024.07.11"]
[Round "1.55"]
[White "Matskevich, Varvara"]
[Black "Kondys, Piotr"]
[Result "1/2-1/2"]
[WhiteElo "1946"]
[BlackElo "2089"]

1. f4 d5 2. Nf3 Nf6 3. d3 b6 4. g3 Bb7 5. Bg2 Nbd7 6. O-O g6 7. Nc3 Bg7 8.
h3 O-O 9. Qe1 Ne8 10. e4 e6 11. e5 c5 12. g4 Qe7 13. Ne2 Nc7 14. c3 Ba6 15.
d4 Bd3 16. Be3 Be4 17. Ng3 Bd3 18. Rf2 a5 19. Qd2 Ba6 20. f5 f6 21. exf6
Rxf6 22. Bg5 Qd6 23. Bxf6 Bxf6 24. Ne2 gxf5 25. gxf5 e5 26. dxe5 Nxe5 27.
Nf4 Nc4 28. Qc1 Re8 29. b3 Ne3 30. Ne6 Nxe6 31. Qxe3 Ng7 32. Qh6 Nxf5 33.
Qh5 Ng7 34. Qh6 Nf5 35. Qh5 Ng7 36. Qh6 Nf5 37. Qh5 1/2-1/2

[Event "Najdorf Memorial"]
[Site "Warsaw POL"]
[Date "2024.07.10"]
[Round "2.1"]
[White "Kazakouski, Valery"]
[Black "Dahale, Atul"]
[Result "1-0"]
[WhiteElo "2603"]
[BlackElo "2169"]

1. d4 Nf6 2. c4 g6 3. Nc3 Bg7 4. e4 d6 5. Be2 O-O 6. Be3 e5 7. d5 a5 8. g4
Na6 9. f3 Nd7 10. h4 f5 11. gxf5 gxf5 12. exf5 Ndc5 13. Nh3 Bxf5 14. Ng5
Qf6 15. Qd2 a4 16. Nge4 Qe7 17. h5 Bxe4 18. fxe4 Rf4 19. h6 Bf6 20. O-O-O
Nb4 21. Bxc5 dxc5 22. a3 Na6 23. d6 Qxd6 24. Qxd6 cxd6 25. Rxd6 Rd8 26.
Rg1+ Kf8 27. Rb6 Rd7 28. Nd5 Bd8 29. Re6 Rh4 30. Rxe5 Rxh6 31. Bh5 Be7 32.
Rf5+ 1-0

[Event "Najdorf Memorial"]
[Site "Warsaw POL"]
[Date "2024.07.10"]
[Round "2.2"]
[White "Terkiewicz, Bruno"]
[Black "Krasenkow, Michal"]
[Result "0-1"]
[WhiteElo "2170"]
[BlackElo "2520"]

1. d4 d5 2. c4 e6 3. Nf3 c6 4. Nc3 dxc4 5. e3 b5 6. a4 Bb4 7. Bd2 a5 8.
axb5 Bxc3 9. Bxc3 cxb5 10. b3 Bb7 11. bxc4 b4 12. Bb2 Nf6 13. Bd3 Nbd7 14.
O-O O-O 15. Nd2 Qc7 16. f4 a4 17. Rb1 Rfd8 18. Qe2 b3 19. Ba1 Nf8 20. e4
Qb6 21. Kh1 Ng6 22. e5 Nd7 23. Ne4 a3 24. c5 Qb4 25. Bc3 Qa4 26. Bb5 Ba6
27. Bxa6 Rxa6 28. Rxb3 a2 29. Ba1 Nb8 30. Rd3 Nc6 31. Nd6 Rb8 32. f5 exf5
33. e6 Nce7 34. exf7+ Kf8 35. Rdd1 Raa8 36. d5 Rb1 37. h3 Rab8 38. c6 Rxd1
39. Rxd1 Qxd1+ 40. Qxd1 Rb1 41. Qg1 Nf4 42. Kh2 Rxg1 43. Kxg1 Nfxd5 44. h4
h5 45. Kf2 g6 46. c7 Nxc7 47. Ke3 Ne6 48. g3 Nc5 49. Kf4 Nb3 50. Bb2 a1=Q
51. Bxa1 Nxa1 52. Ke5 Nb3 53. Kf6 Nc5 54. Nc4 Ne4+ 55. Ke6 Nc6 56. Kd7 Nd4
57. Ne5 Nxg3 58. Kd6 Nge2 59. Kd5 f4 60. Ke4 f3 61. Ke3 Nc3 62. Nxg6+ Kxf7
63. Ne5+ Kf6 64. Nc4 Nc6 65. Nd2 Ne5 66. Kd4 Nd1 67. Ke4 f2 68. Nf1 Ng4 69.
Ng3 Kg6 0-1